01823cam a22003375i 450000100090000000300090000900500170001800800410003502000180007604000430009408200200013710000600015724501190021725000190033626400490035526400100040430000450041433600260045933700280048533800270051350400520054050504610059252001540105365000360120765300250124365500170126870000450128594200120133099900170134295201260135916612763EG-ScBUE20250720110421.0110115t2011 enka f b 001 0 eng  a9780199541423 aEG-ScBUEbengerdacEG-ScBUEdEG-ScBUE04a541.28bATK2221 aAtkins, P. W.q(Peter William), d1940-937442eauthor.10aMolecular quantum mechanics /cPeter Atkins, University of Oxford, and Ronald Friedman, Indiana Purdue Fort Wayne. aFifth edition. 1aOxford : bOxford University Press, c[2011] 4cc2011 axiv, 537 pages :billustrations ;c25 cm 2rdacontentatextbtxt aunmediated2rdamediabn avolumebnc2rdacarrier aIncludes bibliographical references and index. 0 aHistorical introduction -- The Schrödinger equation -- Exact solutions : linear motion -- Exact solutions : rotational motion -- The properties of operators -- Angular momentum -- Group theory -- Techniques of approximation -- Atomic spectra and atomic structure -- Molecular structure -- Molecular rotational and vibrational transitions -- Molecular electronic transitions -- The electric properties of molecules -- The magnetic properties of molecules. aThoroughly rewritten from start to finish, the second edition of this text provides a complete, highly accessible introduction to quantum chemistry.  7aQuantum chemistry.2BUEsh97434 bENGMECcDecember2018 vReading book1 aFriedman, Ronald,d1962-911379eauthor. 2ddccBB c27032d27004 00102ddc40708BaccahaMAINbMAINc1STd2018-12-10ePurchaseg950.00l0o541.28 ATKp000044041r2025-07-15 00:00:00yBB